000 00386nam a2200145Ia 4500
008 130318s9999 xx 000 0 und d
020 _a9780521849890
082 _a518.0285 GON/S
100 _aGonnet, Gaston H
245 _aScientific computation
260 _bCambridge University Press
_aNew York
_c2009
300 _a236
650 _aSCIENTIFIC COMPUTATION
700 _aScholl, Ralf
999 _c1674
_d1674